Loading...

Understanding abnormal behaviour

Bibliografiske detaljer
Hovedforfatter: David Sue
Andre forfattere: Stanley Sue, Derald Sue
Format: Printed Book
Udgivet: Boston Houghton Mifflin 1990
Fag:
LEADER 00667nam a22002051a 4500
020 |a 9780395432624  |c 0.00 
040 |a SSUS - Library - Kalady 
082 |a 616.89  |b DAV/U 
100 |a David Sue 
245 |a Understanding abnormal behaviour  |h [Text] 
260 |a Boston  |b Houghton Mifflin  |c 1990 
300 |a 585p. 
600 |a Medicine 
600 |a Psychology Abnormal 
700 |a Stanley Sue  
700 |a Derald Sue  
852 |h 616.89  |i DAV/U  |p 023792  |9 0.00  |t 0 
942 |c BK 
999 |c 48028  |d 48028 
952 |0 0  |1 0  |4 0  |6 616_890000000000000_DAV_U  |7 0  |9 69573  |a SSUS  |b SSUS  |c STACKS  |d 2015-01-08  |g 0.00  |l 3  |o 616.89 DAV/U  |p 023792  |r 2017-10-25  |s 2017-10-16  |v 0.00  |w 2015-01-08  |y BK